000
00285nam a2200121Ia 4500
008
190216s9999||||xx |||||||||||||| ||und||
100
_a
Thulasi
245
0
_a
Ee Hridayam Poovanau
260
_b
Poorna Pubs Kozhikode
_c
1987
300
_a
121p
650
_a
Malayalam Novel
942
_c
BK
999
_c
27403
_d
27403